000 00405nam a2200133Ia 4500
008 231129s2005||||xx |||||||||||||| ||spa||
020 _a978-958-8236-86-5
040 _bspa
082 _a616.99486132 R337
245 0 _aRegistro departamental de cancer / Gobernación de Risaralda ... /et al.
260 _c2005
264 _aLa Gobernación ; Papiro
942 _2ddc
_cBKS
999 _c23874
_d23874